00318 a2200133 450000100060000002000170000604000240002310000270004724000280007424500230010230000070012536200090013265000430014147640 a978843121957 cAnchieta - Aquarius aHurwitz, Andy Blackman10aNursery Rhyme Jazzlpor10aNursery Rhyme Jazz a150 a2007 4aLiteratura infanto-juvenil em inglês